| 000 | 00923nam2a2200253 4500 | ||
|---|---|---|---|
| 001 | RU\NLR\bibl\1291926 | ||
| 005 | 20250615144503.0 | ||
| 010 |
_a5-8163-0037-7 _93000 |
||
| 021 |
_aRU _b2008-71976 _94121 |
||
| 035 | _a(NLR Aleph) 001277597 | ||
| 090 |
_a478542 _c478542 |
||
| 100 | _a20081106d2008 |||y0rusy50 ca | ||
| 101 | 1 |
_arus _cfre |
|
| 102 | _aRU | ||
| 105 | _ay ||||||||| | ||
| 200 | 1 |
_aИзнанка психоанализа (1969-1970) _f[пер. с фр. А. Черноглазова] |
|
| 210 |
_d2008 _aБ. м. |
||
| 215 | _a266 с. | ||
| 461 | 0 |
_1001RU\NLR\bibl\6129 _12001#$aСеминары$vКн. 17 _917237 _aЛакан, Ж. (1901-1981) _cМ. _d1998 _fЖак Лакан _nГНОЗИС _o[Пер. с фр. Марии Титовой, А. Черноглазова] _tСеминары _vКн. 17 |
|
| 801 | 0 |
_aRU _bNLR _c20081106 _gRCR |
|
| 801 | 1 |
_aRU _bNLR _c20081106 |
|
| 942 | _cBOOK | ||
| 980 | _aNB | ||